Geografická vizualizácia údajov z registra účtovných závierok bakalárska práca

Saved in:
Bibliographic Details
Main Author: Bošková, Terézia
Corporate Author: Fakulta hospodárskej informatiky EU. Katedra účtovníctva a audítorstva
Other Authors: Tumpach, Miloš, 1970-
Format: Book
Language:Slovak
Published: Bratislava 2016
Tags: Add Tag
No Tags, Be the first to tag this record!

MARC

LEADER 00000nbm a2200000 4500
001 0219081
005 20240903101124.4
041 0 |a slo 
044 |a SK 
245 1 0 |a Geografická vizualizácia údajov z registra účtovných závierok  |b bakalárska práca  |c Terézia Bošková ; školiteľ: Miloš Tumpach 
264 1 |a Bratislava  |c 2016 
300 |a 38 s. 
100 1 |a Bošková, Terézia 
700 1 |a Tumpach, Miloš, 1970- 
710 2 |a Fakulta hospodárskej informatiky EU. Katedra účtovníctva a audítorstva